000 00393nam a2200145Ia 4500
008 191206s9999 xx 000 0 und d
020 _a0316924237 (pbk.)
090 _aPE1122W3
245 0 _aSubject and structure: an anthology for writers
250 _a7th ed.
260 _a"Little, Brown"
260 _ccc1981
300 _a"xvi, 511 p. ; 23 cm."
999 _c16993
_d16993